Speaking with pictures : (Record no. 66848)

MARC details
000 -LEADER
fixed length control field 00855nam a22002417a 4500
005 - DATE AND TIME OF LATEST TRANSACTION
control field 20140116150200.0
010 ## - LCCN (DPL NO)
LC control number ENG-105332
020 ## - INTERNATIONAL STANDARD BOOK NUMBER
International Standard Book Number 9780415523011
Terms of availability 995.00
035 ## - SYSTEM CONTROL NUMBER
System control number EN-88865
035 ## - SYSTEM CONTROL NUMBER
System control number B-512582-590
037 ## - SOURCE OF ACQUISITION
Source of stock number/acquisition DBAD/PUB
037 ## - SOURCE OF ACQUISITION
Source of stock number/acquisition BSB/Ven
Stock number dpl
082 ## - DEWEY DECIMAL CLASSIFICATION NUMBER
Classification number 745.0954
100 ## - MAIN ENTRY--PERSONAL NAME
Personal name Chatterji, Roma
245 ## - TITLE STATEMENT
Title Speaking with pictures :
Statement of responsibility, etc by Roma Chatterji
Remainder of title folk art and narrative tradition in India /
260 ## - PUBLICATION, DISTRIBUTION, ETC. (IMPRINT)
Place of publication, distribution, etc New Delhi
Name of publisher, distributor, etc Routledge
Date of publication, distribution, etc 2012
270 ## - ADDRESS
Address 912 Tolstoy House,15-17 Tolstoy Marg,Cannaught Place
City New Delhi
Postal code 110001
300 ## - PHYSICAL DESCRIPTION
Extent xxvi,299p.
Dimensions 22cm (Hb)
Other physical details ill
490 ## - SERIES STATEMENT
Series statement Critical asian studies
500 ## - GENERAL NOTE
General note Includes bibliographical references and index
942 ## - ADDED ENTRY ELEMENTS (KOHA)
Source of classification or shelving scheme Dewey Decimal Classification
Item type English Books
Call number suffix CHA
Classification part 745.0954
Holdings
Withdrawn status Lost status Not for loan Collection code Home library Current library Date acquired Source of acquisition Cost, normal purchase price Full call number Barcode Copy number Cost, replacement price Koha item type
    Not For Loan Reference Central Library Central Library 16/01/2014 BSB/944/21.03.2013/169/08.03.2013/22.03.2013 995.00 745.0954 CHA B-512582 1 995.00 English Books
    Not For Loan Non-fiction D.B.Act.Division D.B.Act.Division 18/05/2012 DBAD / PUB 995.00 CHA EN-88865 1 995.00 English Books
    Not For Loan Reference Janak Puri Janak Puri 16/01/2014 BSB/944/21.03.2013/169/08.03.2013/22.03.2013 995.00 745.0954 CHA B-512587 1 995.00 English Books
    Not For Loan Reference Karol Bagh Karol Bagh 16/01/2014 BSB/944/21.03.2013/169/08.03.2013/22.03.2013 995.00 745.0954 CHA B-512588 1 995.00 English Books
    Not For Loan Reference Kasturba Gandhi Marg Kasturba Gandhi Marg 16/01/2014 BSB/944/21.03.2013/169/08.03.2013/22.03.2013 995.00 745.0954 CHA B-512584 1 995.00 English Books
    Not For Loan Reference Narela Narela 16/01/2014 BSB/944/21.03.2013/169/08.03.2013/22.03.2013 995.00 745.0954 CHA B-512589 1 995.00 English Books
    Not For Loan Reference Patel Nagar Patel Nagar 16/01/2014 BSB/944/21.03.2013/169/08.03.2013/22.03.2013 995.00 745.0954 CHA B-512583 1 995.00 English Books
    Not For Loan Reference Peshwa Road Peshwa Road 16/01/2014 BSB/944/21.03.2013/169/08.03.2013/22.03.2013 995.00 745.0954 CHA B-512585 1 995.00 English Books
      Non-fiction Shahdara Branch Shahdara Branch 16/01/2014 BSB/944/21.03.2013/169/08.03.2013/22.03.2013 995.00 745.0954 CHA B-512590 1 995.00 English Books
    Not For Loan Reference Tri Nagar Tri Nagar 16/01/2014 BSB/944/21.03.2013/169/08.03.2013/22.03.2013 995.00 745.0954 CHA B-512586 1 995.00 English Books

© Delhi Public Library
Hit Counter
free hit counter